000
00250 a2200085 4500
100
1
_a
Ekimov, V.D..
_e
Autor
245
0
_a
Nizkie temperatury v radioelektronike /
_c
Ekimov V.D..
710
2
_a
Znanie.
_e
Wydawca
_4
pbl
260
_a
Moskva :
_b
Znanie,
_c
1972.
300
_a
31 s.;
_c
24 cm.
999
_c
5053
_d
5053